00511nam a2200145Ia 4500008004100000041000800041082001400049100002800063245004500091260005000136300003300186365000900219999001500228952012200243240624s9999 xx 000 0 und d aeng a332.6 RUG aTOGHRAIE ADRIENNE LARIS aREAL PEOPLE REAL TRADERS HOW PEOPLE LIKE c2000aNew YorkbFinancial Times/Prentice-Hall axviii, : 325 : p. : cm. ; 23 cb35 c8187d8187 00104070aIMTNbIMTNcRack 10-Ad2008-01-23eBUg40.00o332.6 RUGp8187r2024-06-24 00:00:00t39.27w2024-06-24yBK